[Event "OBEM 2015"]
[Site "Germany , Bremen"]
[Date "2015.03.28"]
[Round "1.40"]
[White "Erofeev, Anastasia"]
[Black "Heineccius, August"]
[Result "1-0"]
[WhiteElo "1864"]
[BlackElo "1200"]
[PlyCount "45"]

1. e4 e5 2. Nf3 Nc6 3. Bc4 Nf6 4. Ng5 Be7 5. Nxf7 Rf8 6. Nxd8 Nxd8 7. Nc3 c6 8.
d3 Bb4 9. O-O d6 10. Bg5 a6 11. Bxf6 Rxf6 12. Qh5+ Rg6 13. Qxh7 Rf6 14. Qg8+
Rf8 15. Qxg7 Be6 16. Na4 Rf7 17. Qg6 Ba5 18. Bxe6 Kf8 19. Bxf7 Nxf7 20. f4 Bb6+
21. Kh1 Bc7 22. fxe5 Re8 23. Qxf7# 1-0

[Event "OBEM 2015"]
[Site "Germany , Bremen"]
[Date "2015.03.28"]
[Round "1.16"]
[White "Mueller, Wolfgang"]
[Black "Buchloh, Adrian"]
[Result "1-0"]
[WhiteElo "2025"]
[BlackElo "1611"]
[PlyCount "37"]

1. e4 d5 2. exd5 Qxd5 3. Nc3 Qa5 4. d4 Nf6 5. Bc4 Nc6 6. Bd2 Qb6 7. Nge2 Qb4 8.
Bb5 Qxb2 9. a3 a6 10. Ra2 Qxa2 11. Bxc6+ bxc6 12. Nxa2 Bf5 13. Ng3 Bg6 14. Qf3
Kd7 15. Nb4 Rb8 16. Qxc6+ Kd8 17. Bf4 Rc8 18. Nxa6 Ne8 19. Nc5 1-0

[Event "OBEM 2015"]
[Site "Germany , Bremen"]
[Date "2015.03.28"]
[Round "1.44"]
[White "Koerber, Uwe"]
[Black "Maul, Maik"]
[Result "1-0"]
[WhiteElo "1832"]
[BlackElo "1000"]
[PlyCount "55"]

1. e4 d5 2. exd5 Qxd5 3. Nc3 Qd8 4. d4 Nf6 5. Bc4 b6 6. Nf3 Bg4 7. Bxf7+ Kxf7
8. Ne5+ Ke8 9. Nxg4 Nxg4 10. Qxg4 Nc6 11. d5 Ne5 12. Qh5+ Ng6 13. Bg5 Qd6 14.
O-O-O Qc5 15. Be3 Qa5 16. Qf5 Nh4 17. Qe4 Ng6 18. d6 cxd6 19. Qxa8+ Kf7 20.
Rhe1 e5 21. Qb7+ Be7 22. Rxd6 Kg8 23. Rxg6 hxg6 24. Qxe7 Rxh2 25. f4 Rxg2 26.
Qe8+ Kh7 27. Rh1+ Rh2 28. Rxh2# 1-0

[Event "OBEM 2015"]
[Site "Germany , Bremen"]
[Date "2015.03.28"]
[Round "1.23"]
[White "Scheidt, Mike Niklas"]
[Black "Beinke, Lukas"]
[Result "0-1"]
[WhiteElo "1363"]
[BlackElo "1958"]
[PlyCount "76"]

1. d4 Nf6 2. Bf4 e6 3. e3 c5 4. c3 Nc6 5. Bb5 a6 6. Bxc6 bxc6 7. Qb3 d5 8. Nf3
Be7 9. Ne5 Bd7 10. Nd2 O-O 11. Rb1 cxd4 12. cxd4 c5 13. O-O Bb5 14. Rfc1 cxd4
15. exd4 Nh5 16. Bg3 Nxg3 17. hxg3 Qa5 18. Rc2 Ba4 19. Qc3 Bb4 20. Nb3 Bxc3 21.
Nxa5 Bxc2 22. Rc1 Bxa5 23. Rxc2 Rac8 24. Re2 Rc1+ 25. Kh2 Rfc8 26. Re3 Rf1 27.
Rf3 Rcc1 28. Kh3 Rh1+ 29. Kg4 f5+ 30. Kg5 Bd2+ 31. Rf4 h6+ 32. Kg6 Bxf4 33.
gxf4 Rc8 34. b4 Rf8 35. Nd7 Rf7 36. g4 Rxd7 37. gxf5 Rf7 38. fxe6 Rf6# 0-1

[Event "OBEM 2015"]
[Site "Germany , Bremen"]
[Date "2015.03.28"]
[Round "1.34"]
[White "Sausmikat, Armin"]
[Black "Scheunemann, Daniel"]
[Result "1-0"]
[WhiteElo "1893"]
[BlackElo "1361"]
[PlyCount "53"]

1. e4 c5 2. Nf3 Nc6 3. d4 cxd4 4. Nxd4 Nxd4 5. Qxd4 d6 6. Nc3 e5 7. Qd1 Nf6 8.
Bg5 Be7 9. Bc4 O-O 10. O-O h6 11. Bh4 Nxe4 12. Bxe7 Nxc3 13. Qxd6 Qxd6 14. Bxd6
Ne4 15. Bxf8 Kxf8 16. Rad1 Be6 17. Bxe6 fxe6 18. Rfe1 Ng5 19. Rxe5 Ke7 20. Rde1
Rd8 21. f4 Nh7 22. Rxe6+ Kf8 23. Re7 Rd2 24. Rxb7 Rxc2 25. Ree7 Rc1+ 26. Kf2
Rc2+ 27. Kf3 1-0

[Event "OBEM 2015"]
[Site "Germany , Bremen"]
[Date "2015.03.28"]
[Round "1.20"]
[White "Veit, Ingo"]
[Black "Buchloh, Falk"]
[Result "1-0"]
[WhiteElo "2001"]
[BlackElo "1497"]
[PlyCount "59"]

1. e4 d5 2. exd5 Qxd5 3. Nc3 Qa5 4. d4 Nf6 5. Nf3 Bg4 6. h3 Bh5 7. g4 Bg6 8.
Ne5 e6 9. h4 Nbd7 10. Nxd7 Nxd7 11. h5 Be4 12. Rh3 Bb4 13. Bd2 Bxc3 14. Bxc3
Qd5 15. f3 Nf6 16. fxe4 Qxe4+ 17. Qe2 Qxg4 18. Qxg4 Nxg4 19. Be2 Nf6 20. Rg3
Rg8 21. Bf3 c6 22. d5 Nxd5 23. Bxd5 cxd5 24. Rxg7 Rxg7 25. Bxg7 Ke7 26. Kd2 Rc8
27. b3 Rc6 28. Rf1 b5 29. Bf6+ Ke8 30. Rg1 1-0

[Event "OBEM 2015"]
[Site "Germany , Bremen"]
[Date "2015.03.28"]
[Round "1.3"]
[White "Rademacher, Uwe"]
[Black "Hundack, Rolf"]
[Result "0-1"]
[WhiteElo "1773"]
[BlackElo "2246"]
[PlyCount "38"]

1. e4 e5 2. Nf3 Nc6 3. d4 exd4 4. Nxd4 d6 5. Nc3 Nf6 6. Be2 Be7 7. O-O O-O 8.
f4 Bd7 9. Bf3 Re8 10. g4 Nxd4 11. Qxd4 Bxg4 12. Be3 Bxf3 13. Rxf3 Ng4 14. Rg3
Bf6 15. e5 Nxe3 16. Rxe3 dxe5 17. Qxd8 Raxd8 18. fxe5 Bxe5 19. Rae1 Bd4 0-1

[Event "OBEM 2015"]
[Site "Germany , Bremen"]
[Date "2015.03.28"]
[Round "1.42"]
[White "Klemm, Robert"]
[Black "Bilek, Sadat"]
[Result "1-0"]
[WhiteElo "1860"]
[BlackElo "1000"]
[PlyCount "41"]

1. d4 Nf6 2. Nf3 b6 3. g3 Bb7 4. Bg2 e6 5. O-O Bd6 6. c4 O-O 7. Nc3 Bb4 8. Qc2
Bxc3 9. Qxc3 d6 10. b3 Nbd7 11. Bb2 Re8 12. Rad1 c5 13. e3 cxd4 14. exd4 e5 15.
dxe5 dxe5 16. Rfe1 e4 17. Ng5 a6 18. Nxe4 Bxe4 19. Bxe4 Rxe4 20. Rxe4 Nxe4 21.
Qxg7# 1-0

[Event "OBEM 2015"]
[Site "Germany , Bremen"]
[Date "2015.03.28"]
[Round "1.43"]
[White "Bilek, Thomas"]
[Black "Boehm, Karl"]
[Result "0-1"]
[WhiteElo "1000"]
[BlackElo "1859"]
[PlyCount "54"]

1. d4 d5 2. Bf4 e6 3. Nc3 a6 4. Nf3 Nf6 5. Ne5 c5 6. e3 Nbd7 7. Nxd7 Bxd7 8.
Qd2 Be7 9. O-O-O O-O 10. g3 b5 11. Bg2 b4 12. Ne2 a5 13. c4 bxc3 14. Qxc3 Rc8
15. Be5 cxd4 16. Qxc8 Qxc8+ 17. Kb1 dxe3 18. fxe3 Ng4 19. Rc1 Qe8 20. e4 Nxe5
21. exd5 exd5 22. Bxd5 Bf6 23. Nf4 Bf5+ 24. Ka1 Nd3 25. Nxd3 Bxd3 26. Rhe1 Qb8
27. Bb3 a4 0-1

[Event "OBEM 2015"]
[Site "Germany , Bremen"]
[Date "2015.03.28"]
[Round "1.47"]
[White "Schoenfeld, Fynn"]
[Black "Lai Hop, Long"]
[Result "0-1"]
[WhiteElo "883"]
[BlackElo "1796"]
[PlyCount "112"]

1. d4 d5 2. Bf4 Nf6 3. Nc3 a6 4. Nf3 Bf5 5. e3 e6 6. Bd3 Bg6 7. Bg5 Be7 8. Ne5
Nbd7 9. Nxg6 hxg6 10. Qd2 c5 11. Bf4 c4 12. Be2 b5 13. Bf3 Rc8 14. O-O O-O 15.
e4 b4 16. Ne2 dxe4 17. Bxe4 Nxe4 18. Qe3 Nef6 19. c3 Nd5 20. Qe4 N7f6 21. Qe5
Nxf4 22. Qxf4 Qc7 23. Qxc7 Rxc7 24. cxb4 Bxb4 25. b3 c3 26. a3 Bd6 27. Rfc1 Nd5
28. b4 Rfc8 29. Rc2 Kf8 30. Ng3 Bxg3 31. hxg3 Ke7 32. Kf1 Kd6 33. Ke2 Rc4 34.
Kd3 Nb6 35. Rac1 Kd5 36. Rxc3 Rxd4+ 37. Ke2 Rxc3 38. Rxc3 Nc4 39. a4 e5 40. Rb3
Rd2+ 41. Kf3 e4+ 42. Kf4 Rxf2+ 43. Kg4 Rb2 44. Rxb2 Nxb2 45. b5 axb5 46. axb5
Nc4 47. Kf4 Kd4 48. g4 Kd3 49. Kg3 e3 50. Kf3 e2 51. Kf2 Kd2 52. g5 e1=Q+ 53.
Kf3 Qe3+ 54. Kg4 Ne5+ 55. Kh4 Ke2 56. b6 Kf2 0-1

[Event "OBEM 2015"]
[Site "Germany , Bremen"]
[Date "2015.03.28"]
[Round "1.49"]
[White "Mayland, Jannis"]
[Black "Laubrock, Paul"]
[Result "0-1"]
[WhiteElo "822"]
[BlackElo "1793"]
[PlyCount "68"]

1. d4 d5 2. Bf4 Nf6 3. Nc3 e6 4. e3 Bb4 5. Qd2 Ne4 6. Qd3 Nd7 7. Nge2 c5 8. a3
Qa5 9. f3 c4 10. Qd1 Bxc3+ 11. Nxc3 Nxc3 12. bxc3 Qxc3+ 13. Kf2 Qa5 14. Be2 O-O
15. e4 dxe4 16. fxe4 b5 17. Re1 Bb7 18. Bf3 Rfd8 19. e5 Bxf3 20. gxf3 Nb6 21.
Rg1 Qc3 22. Bd2 Qxd4+ 23. Kf1 c3 24. Rg2 Nc4 25. Ke1 cxd2+ 26. Kf1 Ne3+ 27. Ke2
Nxd1 28. Rxd1 Qxe5+ 29. Kf2 Rac8 30. Rgg1 Rxc2 31. h3 Rd3 32. h4 Qe3+ 33. Kg3
Qxf3+ 34. Kh2 Qh3# 0-1

[Event "OBEM 2015"]
[Site "Germany , Bremen"]
[Date "2015.03.28"]
[Round "1.12"]
[White "Buescher, Andre"]
[Black "Ficken, Hartmut"]
[Result "1-0"]
[WhiteElo "2076"]
[BlackElo "1698"]
[PlyCount "31"]

1. e4 c5 2. g3 d6 3. Bg2 e6 4. Ne2 Be7 5. O-O Nf6 6. c3 Nc6 7. d4 O-O 8. h3 Nd7
9. Be3 f5 10. Nf4 Nb6 11. exf5 Rxf5 12. dxc5 dxc5 13. Qe2 Qc7 14. Be4 Rf8 15.
Qh5 h6 16. Qg6 1-0

[Event "OBEM 2015"]
[Site "Germany , Bremen"]
[Date "2015.03.28"]
[Round "1.46"]
[White "Wuttke, Manfred"]
[Black "Buecker, Niklas"]
[Result "1-0"]
[WhiteElo "1802"]
[BlackElo "921"]
[PlyCount "53"]

1. d4 d5 2. c4 Nf6 3. cxd5 Qxd5 4. Nc3 Qa5 5. Bd2 e6 6. a3 Qf5 7. Nf3 c5 8. e3
Nc6 9. Nb5 Kd8 10. dxc5 Bxc5 11. Ba5+ Ke7 12. Bc7 Nd5 13. Bd3 Qf6 14. Bg3 Qxb2
15. Rb1 Qa2 16. Qc1 Nf6 17. Qxc5+ Ke8 18. Nc7+ Kd8 19. Nxa8 Nd7 20. Qd6 Ke8 21.
Nc7+ Kd8 22. Bh4+ f6 23. Nxe6+ Ke8 24. Nxg7+ Kf7 25. Nf5 Re8 26. O-O Re6 27.
Qg3 1-0

[Event "OBEM 2015"]
[Site "Germany , Bremen"]
[Date "2015.03.28"]
[Round "1.6"]
[White "Kuegel, Tobias"]
[Black "Ungar, Benedict"]
[Result "1-0"]
[WhiteElo "2189"]
[BlackElo "1749"]
[PlyCount "49"]

1. e4 e6 2. d4 d5 3. Nd2 Nf6 4. e5 Nfd7 5. Bd3 c5 6. c3 Nc6 7. Ne2 Qb6 8. Nf3
f6 9. exf6 Nxf6 10. O-O Bd6 11. Bb1 O-O 12. a3 cxd4 13. cxd4 e5 14. dxe5 Nxe5
15. Nc3 Nxf3+ 16. Qxf3 Bg4 17. Qd3 d4 18. Nd5 Qd8 19. Nxf6+ Qxf6 20. Qxh7+ Kf7
21. Ba2+ Ke7 22. Qe4+ Be6 23. Bg5 Kd7 24. Qxb7+ Bc7 25. Bxf6 1-0

[Event "OBEM 2015"]
[Site "Germany , Bremen"]
[Date "2015.03.28"]
[Round "1.41"]
[White "Kueck, Alexander"]
[Black "Bonacic, Jascha"]
[Result "0-1"]
[WhiteElo "1133"]
[BlackElo "1861"]
[PlyCount "54"]

1. e4 c5 2. Nf3 d6 3. Bc4 Nc6 4. d4 cxd4 5. Nxd4 g6 6. Nxc6 bxc6 7. Qf3 Nf6 8.
Nc3 Bg4 9. Qd3 Bg7 10. f3 Bc8 11. Be3 O-O 12. O-O-O Qa5 13. a3 Rb8 14. Bb3 Ba6
15. Qd2 c5 16. Nd5 Qxd2+ 17. Bxd2 Nxd5 18. exd5 c4 19. Ba2 Bxb2+ 20. Kb1 Bxa3+
21. Ka1 Bb2+ 22. Kb1 Rb7 23. Be1 Rfb8 24. h3 Bg7+ 25. Kc1 Rb2 26. Bxc4 Bh6+ 27.
Bd2 Rb1# 0-1

[Event "OBEM 2015"]
[Site "Germany , Bremen"]
[Date "2015.03.28"]
[Round "1.29"]
[White "Fasmers, Ralf"]
[Black "Norbach, Alexander"]
[Result "0-1"]
[WhiteElo "1550"]
[BlackElo "1928"]
[PlyCount "60"]

1. c4 c6 2. d4 d5 3. Bf4 dxc4 4. e4 b5 5. Nc3 Nf6 6. e5 Nd5 7. Nxd5 cxd5 8. Be2
Bf5 9. Nf3 e6 10. O-O Nc6 11. a3 Be7 12. Be3 O-O 13. b3 Na5 14. b4 Nb3 15. Ra2
a5 16. bxa5 Rxa5 17. Nd2 Nxd2 18. Qxd2 Rxa3 19. Rxa3 Bxa3 20. Ra1 b4 21. g4 Be4
22. f3 Bg6 23. f4 Be4 24. g5 c3 25. Qa2 Qc7 26. Bc1 Bxc1 27. Rxc1 Qb6 28. Qa6
Qxd4+ 29. Kf1 Qd2 30. Rd1 Qxf4+ 0-1

[Event "OBEM 2015"]
[Site "Germany , Bremen"]
[Date "2015.03.28"]
[Round "1.39"]
[White "Brueggemann, Werner"]
[Black "Lange, Martin"]
[Result "0-1"]
[WhiteElo "1219"]
[BlackElo "1869"]
[PlyCount "60"]

1. f4 d5 2. Nf3 Nf6 3. e3 Bg4 4. Bb5+ c6 5. Be2 e6 6. d4 Ne4 7. O-O Bxf3 8.
Bxf3 Qb6 9. Bxe4 dxe4 10. Nd2 f5 11. Nc4 Qc7 12. Ne5 g6 13. g4 Nd7 14. c4 Nxe5
15. fxe5 h5 16. gxf5 gxf5 17. Kh1 O-O-O 18. Rg1 Qf7 19. Qa4 Kb8 20. b4 Bh6 21.
Bd2 h4 22. h3 f4 23. Raf1 Qf5 24. Rg4 f3 25. Qc2 Rhg8 26. Qxe4 Qxe4 27. Rxe4
Rg2 28. Rxh4 Rdg8 29. Rxf3 Rg1+ 30. Kh2 R8g2# 0-1

[Event "OBEM 2015"]
[Site "Germany , Bremen"]
[Date "2015.03.28"]
[Round "1.4"]
[White "Issing, Peter"]
[Black "Friesen, Walter"]
[Result "1/2-1/2"]
[WhiteElo "2208"]
[BlackElo "1764"]
[PlyCount "40"]

1. Nf3 d5 2. c4 c6 3. e3 Bf5 4. cxd5 cxd5 5. Nc3 Nf6 6. Qb3 Bc8 7. Bb5+ Nc6 8.
Ne5 Qc7 9. Nxc6 bxc6 10. Nxd5 Nxd5 11. Qxd5 Bb7 12. Ba4 e6 13. Qh5 g6 14. Qh3
Bg7 15. O-O O-O 16. f4 c5 17. d3 Rfd8 18. Rd1 Rd6 19. Bc2 Rad8 20. a4 Be4
1/2-1/2

[Event "OBEM 2015"]
[Site "Germany , Bremen"]
[Date "2015.03.28"]
[Round "1.31"]
[White "Proske, Matthias"]
[Black "Lubbe, Alexander"]
[Result "0-1"]
[WhiteElo "1407"]
[BlackElo "1905"]
[PlyCount "44"]

1. c4 Nf6 2. Nc3 d6 3. g3 g6 4. Bg2 Bg7 5. Nf3 O-O 6. O-O c6 7. d3 Re8 8. Bd2
Qc7 9. b4 b6 10. Rc1 Bb7 11. a4 Nbd7 12. Nb5 cxb5 13. cxb5 Qb8 14. Nd4 Bxg2 15.
Kxg2 Ne5 16. f4 Qb7+ 17. Kg1 Neg4 18. Nc6 Nd5 19. e4 Nde3 20. Bxe3 Nxe3 21. Qf3
Nxf1 22. e5 Nd2 0-1

[Event "OBEM 2015"]
[Site "Germany , Bremen"]
[Date "2015.03.28"]
[Round "1.37"]
[White "Zijlstra, Berend"]
[Black "Rieping, Heiner"]
[Result "0-1"]
[WhiteElo "1319"]
[BlackElo "1878"]
[PlyCount "90"]

1. e4 d5 2. exd5 Qxd5 3. Nf3 Nf6 4. Nc3 Qa5 5. Be2 Bg4 6. O-O Nc6 7. d3 e6 8.
Bd2 Be7 9. a3 Qc5 10. Be3 Qd6 11. Nb5 Qd7 12. h3 Bf5 13. Bf4 Nd5 14. Bg3 a6 15.
Nbd4 Nxd4 16. Nxd4 Bg6 17. c4 Nf6 18. Nf3 Bd6 19. Ne5 Qe7 20. Qa4+ Nd7 21. Nxd7
Qxd7 22. Qxd7+ Kxd7 23. b4 Rad8 24. c5 Bxg3 25. fxg3 Ke7 26. Rad1 Rd4 27. Rf4
Rhd8 28. Rxd4 Rxd4 29. Kf2 e5 30. Ke3 f6 31. g4 Bf7 32. Bf3 c6 33. Rd2 Kd7 34.
Rb2 g6 35. Rb1 f5 36. gxf5 gxf5 37. g3 h5 38. h4 f4+ 39. gxf4 Rxf4 40. Rh1
Rxf3+ 41. Kxf3 Bd5+ 42. Ke3 Bxh1 43. d4 e4 44. Kf4 Ke6 45. Ke3 Kd5 0-1

[Event "OBEM 2015"]
[Site "Germany , Bremen"]
[Date "2015.03.28"]
[Round "1.1"]
[White "Quass, Michael"]
[Black "Jugelt, Tobias"]
[Result "0-1"]
[WhiteElo "1779"]
[BlackElo "2416"]
[PlyCount "84"]

1. Nf3 d5 2. b3 Bf5 3. Bb2 e6 4. d3 Nf6 5. g3 h6 6. Nbd2 Be7 7. Bg2 O-O 8. O-O
a5 9. Re1 a4 10. a3 axb3 11. cxb3 Bh7 12. b4 Nbd7 13. Qb3 c6 14. Ne5 Nxe5 15.
Bxe5 Qb6 16. h3 Qb5 17. Ra2 Nd7 18. Bc3 Nb6 19. Bf1 Na4 20. Rc2 Nxc3 21. Rxc3
Bf6 22. Rc2 Qa4 23. Ra2 Ra7 24. Rb1 Rfa8 25. e3 Bf5 26. Kg2 e5 27. Be2 Qxb3 28.
Rxb3 Bd7 29. Nb1 Be7 30. Rc2 Bd6 31. g4 Kf8 32. d4 f6 33. Ra2 Ke7 34. Nc3 b5
35. Nb1 f5 36. f3 Kf6 37. Nc3 f4 38. Nd1 fxe3 39. dxe5+ Bxe5 40. Rxe3 d4 41.
Rd3 Be6 42. Rc2 Bd5 0-1

[Event "OBEM 2015"]
[Site "Germany , Bremen"]
[Date "2015.03.28"]
[Round "1.45"]
[White "Vaske, Philipp"]
[Black "Zhong, Xianghui"]
[Result "0-1"]
[WhiteElo "947"]
[BlackElo "1817"]
[PlyCount "120"]

1. e4 c5 2. d4 cxd4 3. Qxd4 Nc6 4. Qd1 Nf6 5. Nc3 g6 6. Nd5 Nxe4 7. Nf3 e6 8.
Nc3 Nxc3 9. bxc3 Bg7 10. Bd2 d5 11. Bb5 Bd7 12. Bxc6 Bxc6 13. Rb1 O-O 14. O-O
Rc8 15. Qc1 Qd7 16. Bh6 b6 17. Bxg7 Kxg7 18. Ne5 Qc7 19. Ng4 f5 20. Qh6+ Kg8
21. Ne3 Qg7 22. Qxg7+ Kxg7 23. c4 dxc4 24. Nxc4 Bxg2 25. Nxb6 Rxc2 26. Kxg2
axb6 27. Ra1 Rd8 28. a4 Rdd2 29. Rac1 Rxf2+ 30. Rxf2 Rxc1 31. Rb2 Rc6 32. Rb4
e5 33. Kf3 e4+ 34. Ke3 Kf6 35. Rb5 Ke6 36. Kf4 Kd7 37. a5 bxa5 38. Rxa5 Ke6 39.
Ra7 h5 40. Rh7 Kf6 41. Rh8 Re6 42. Rd8 e3 43. Rd1 e2 44. Re1 g5+ 45. Kf3 f4 46.
Rxe2 Rxe2 47. Kxe2 Kf5 48. Kf2 Kg4 49. Kg2 f3+ 50. Kf2 Kf4 51. h3 g4 52. hxg4
hxg4 53. Kf1 g3 54. Kg1 Ke3 55. Kh1 Ke2 56. Kg1 f2+ 57. Kg2 f1=Q+ 58. Kxg3 Qf3+
59. Kh2 Qg4 60. Kh1 Kf2 0-1

[Event "OBEM 2015"]
[Site "Germany , Bremen"]
[Date "2015.03.28"]
[Round "1.2"]
[White "Margraf, Daniel"]
[Black "Bruening, Martin"]
[Result "1-0"]
[WhiteElo "2291"]
[BlackElo "1778"]
[PlyCount "43"]

1. e4 c6 2. d4 d5 3. Nc3 dxe4 4. Nxe4 Nd7 5. Bc4 e6 6. Nf3 Ngf6 7. Nxf6+ Nxf6
8. Bg5 Be7 9. Qe2 O-O 10. O-O-O b6 11. Rhe1 Nd5 12. h4 Bb7 13. Qe4 Re8 14. Bd3
g6 15. Qg4 Nf6 16. Qf4 Nd5 17. Qg3 Qd6 18. Ne5 f6 19. Bh6 fxe5 20. Bxg6 Bf6 21.
Bxe8+ Kh8 22. dxe5 1-0

[Event "OBEM 2015"]
[Site "Germany , Bremen"]
[Date "2015.03.28"]
[Round "1.30"]
[White "Boehning, Kilian"]
[Black "Holtermann, Klaas"]
[Result "1/2-1/2"]
[WhiteElo "1914"]
[BlackElo "1507"]
[PlyCount "50"]

1. e4 e5 2. f4 exf4 3. Bc4 Nc6 4. Nf3 d6 5. d4 g5 6. h4 f6 7. O-O Bg4 8. Nc3
Qd7 9. d5 Ne5 10. Bb5 c6 11. dxc6 bxc6 12. Nxe5 fxe5 13. Bxc6 Bxd1 14. Bxd7+
Kxd7 15. Rxd1 gxh4 16. Nd5 Be7 17. c4 Rc8 18. b3 Nf6 19. Nxf6+ Bxf6 20. Ba3 Be7
21. c5 Rc6 22. Rd5 Ke6 23. b4 dxc5 24. bxc5 Rhc8 25. Rc1 Rg8 1/2-1/2

[Event "OBEM 2015"]
[Site "Germany , Bremen"]
[Date "2015.03.28"]
[Round "1.48"]
[White "Dehning-Busse, Karsten"]
[Black "Bensmann, Jannis"]
[Result "1-0"]
[WhiteElo "1796"]
[BlackElo "841"]
[PlyCount "69"]

1. d4 d5 2. Nc3 Bf5 3. Bg5 f6 4. Bf4 Nc6 5. e3 e6 6. a3 Bd6 7. Bg3 Nge7 8. Bd3
Qd7 9. Bxd6 Qxd6 10. Nf3 g5 11. Bxf5 Nxf5 12. h3 O-O-O 13. Qd3 h5 14. O-O-O g4
15. Nd2 Nh4 16. g3 Nf3 17. Nxf3 gxf3 18. h4 Ne7 19. e4 Qb6 20. Qxf3 dxe4 21.
Qxe4 Nf5 22. Na4 Qd6 23. Nc5 Qd5 24. Qxe6+ Qxe6 25. Nxe6 Rd6 26. d5 Ne7 27. Nf4
Kd7 28. Rhe1 c6 29. dxc6+ Nxc6 30. Rxd6+ Kxd6 31. Re6+ Kc7 32. Rxf6 Re8 33.
Nd5+ Kd7 34. Ne3 Nd4 35. c3 1-0

[Event "OBEM 2015"]
[Site "Germany , Bremen"]
[Date "2015.03.28"]
[Round "1.10"]
[White "Kardoeus, David"]
[Black "Hoose, Hannelore"]
[Result "1-0"]
[WhiteElo "2108"]
[BlackElo "1709"]
[PlyCount "103"]

1. e4 e6 2. d4 d5 3. Nd2 dxe4 4. Nxe4 Be7 5. Nf3 Nd7 6. Bd3 Ngf6 7. c3 b6 8.
Nxf6+ Bxf6 9. Bf4 Bb7 10. Bc2 Rc8 11. O-O c5 12. dxc5 Rxc5 13. Re1 O-O 14. Qd3
g6 15. Rad1 Rd5 16. Qe2 Rxd1 17. Rxd1 Qc8 18. Nd2 Rd8 19. Ne4 Bxe4 20. Qxe4 Nc5
21. Rxd8+ Qxd8 22. Qc6 Kg7 23. b4 Nd3 24. Bc7 Nxb4 25. cxb4 Qd4 26. g3 Qxb4 27.
Bb8 Qe1+ 28. Kg2 Bd4 29. Qf3 a5 30. a4 Qd2 31. Bb3 Qb4 32. Qd3 Qc5 33. Qc2 Qxc2
34. Bxc2 f5 35. f4 Kf7 36. Be5 Bc5 37. Kf3 h5 38. h3 Ke7 39. g4 hxg4+ 40. hxg4
Bg1 41. Kg3 Kf7 42. Kh4 Bf2+ 43. Kg5 Bc5 44. Kh6 Bf8+ 45. Kh7 Bc5 46. g5 Be3
47. Bd1 Bc5 48. Bh5 gxh5 49. g6+ Kf8 50. g7+ Kf7 51. g8=Q+ Ke7 52. Kg6 1-0

[Event "OBEM 2015"]
[Site "Germany , Bremen"]
[Date "2015.03.28"]
[Round "1.33"]
[White "Krueger, Gerhard"]
[Black "Ditmas, Hugh"]
[Result "0-1"]
[WhiteElo "1398"]
[BlackElo "1893"]
[PlyCount "68"]

1. e4 c5 2. Nf3 Nc6 3. Bb5 e6 4. Nc3 Nge7 5. O-O a6 6. Bxc6 Nxc6 7. Re1 Be7 8.
d3 O-O 9. Be3 d5 10. d4 cxd4 11. Bxd4 dxe4 12. Nxe4 Nxd4 13. Qxd4 Qxd4 14. Nxd4
e5 15. Nf3 f6 16. h3 Be6 17. a3 Rac8 18. c3 Rfd8 19. g4 Rd3 20. Re3 Rxe3 21.
fxe3 Rd8 22. Kf2 b5 23. Rc1 Kf7 24. Ra1 Bd5 25. Nfd2 g6 26. Kg3 f5 27. Rf1 Ke6
28. Nf2 Bg5 29. e4 Bxd2 30. exd5+ Rxd5 31. Rd1 Bf4+ 32. Kf3 Rxd1 33. Nxd1 Bc1
34. gxf5+ gxf5 0-1

[Event "OBEM 2015"]
[Site "Germany , Bremen"]
[Date "2015.03.28"]
[Round "1.19"]
[White "Bilau, Max"]
[Black "Meyer, Thorsten"]
[Result "0-1"]
[WhiteElo "1536"]
[BlackElo "2004"]
[PlyCount "90"]

1. d4 d6 2. c4 g6 3. Nc3 Bg7 4. Bf4 Nf6 5. Nf3 O-O 6. e3 Nc6 7. h3 Nd7 8. Bh2
e5 9. dxe5 Ndxe5 10. Be2 Be6 11. Nxe5 Nxe5 12. Bxe5 Bxe5 13. Qc2 c6 14. b3 Qg5
15. Bf3 d5 16. c5 Rad8 17. Rd1 Rfe8 18. Ne2 Bf5 19. Qc1 Qf6 20. O-O Bxh3 21.
Bxd5 cxd5 22. gxh3 Qf3 23. Nf4 Bxf4 24. exf4 Qxh3 25. Rfe1 Rxe1+ 26. Rxe1 Qd7
27. Qa3 a6 28. b4 d4 29. Qd3 Kg7 30. Re2 Qg4+ 31. Kf1 Qxf4 32. Re4 Qf6 33. a4
h5 34. b5 axb5 35. axb5 Rd5 36. Qc4 Rf5 37. Qxd4 Qxd4 38. Rxd4 Rxc5 39. Rb4 Rc7
40. f3 g5 41. Kf2 Kg6 42. Kg3 h4+ 43. Kh3 Kh5 44. Kg2 f5 45. Kh3 Rc2 0-1

[Event "OBEM 2015"]
[Site "Germany , Bremen"]
[Date "2015.03.28"]
[Round "1.14"]
[White "Stieglitz, Dirk"]
[Black "Zimmermann, Erik"]
[Result "1-0"]
[WhiteElo "2055"]
[BlackElo "1655"]
[PlyCount "121"]

1. d4 b6 2. c4 Bb7 3. Nc3 e6 4. a3 d6 5. e4 Nd7 6. d5 e5 7. g3 Be7 8. Nf3 Ngf6
9. b4 O-O 10. Bg2 c5 11. b5 h6 12. Nh4 Nh7 13. Nf5 Ndf6 14. f4 exf4 15. gxf4
Bc8 16. Ne3 Ne8 17. Ne2 Bh4+ 18. Kd2 Qf6 19. Rb1 Bf2 20. Bb2 Qh4 21. Bf3 Nhf6
22. h3 Nh5 23. Ng2 Qe7 24. Qf1 Bd4 25. Bxd4 cxd4 26. Bxh5 Qxe4 27. Bf3 Qg6 28.
Nxd4 Nf6 29. Qd3 Qg3 30. Ne2 Qf2 31. Qe3 Qxe3+ 32. Nxe3 a6 33. Nd4 axb5 34.
Nxb5 Bd7 35. Nxd6 Rxa3 36. Rxb6 Ra2+ 37. Nc2 Ba4 38. Rc1 Nd7 39. Rb4 Nc5 40.
Ne4 Nb3+ 41. Rxb3 Bxb3 42. Kc3 Ba4 43. Bd1 Re8 44. Kd4 Bd7 45. Nd6 Re7 46. Bg4
Ba4 47. Nb4 Rd2+ 48. Kc5 g6 49. Ra1 Bb3 50. Ra8+ Kh7 51. Nc6 Rc7 52. Kb6 Rxc6+
53. Kxc6 h5 54. Bd7 f6 55. Be6 g5 56. Bf5+ Kg7 57. Ra7+ Kf8 58. Bh7 Ba4+ 59.
Rxa4 Kg7 60. Ra7+ Kh6 61. Nf5# 1-0

[Event "OBEM 2015"]
[Site "Germany , Bremen"]
[Date "2015.03.28"]
[Round "1.13"]
[White "Traetmar, Mattis"]
[Black "Webner, Dennis"]
[Result "0-1"]
[WhiteElo "1689"]
[BlackElo "2073"]
[PlyCount "134"]

1. e4 Nc6 2. d4 d5 3. e5 f6 4. f4 Bf5 5. Bb5 e6 6. Nf3 Be7 7. O-O Nh6 8. Re1
Be4 9. Nbd2 f5 10. c4 O-O 11. Bxc6 bxc6 12. c5 Nf7 13. Qa4 Qe8 14. Re3 g5 15.
Nxg5 Nxg5 16. fxg5 Kh8 17. Rh3 Rg8 18. Nxe4 dxe4 19. Rg3 Qd8 20. h4 Qd5 21. Be3
Rab8 22. b3 a5 23. Rc1 Rb5 24. Rc4 Qd8 25. Qa3 Qe8 26. Qc1 Qh5 27. Rh3 Rgb8 28.
Qc3 Qg4 29. Qd2 Rf8 30. Bf4 Rd8 31. Qe3 Bxc5 32. a4 Rb4 33. Rxc5 Rbxd4 34. Qg3
Rd1+ 35. Kf2 e3+ 36. Bxe3 Qb4 37. Rc2 f4 38. Qxf4 Rf8 39. Qxf8+ Qxf8+ 40. Rf3
Qb4 41. Re2 Qxh4+ 42. Rg3 Rd3 43. Kf3 Rxb3 44. g6 Qh5+ 45. Kf2 Qf5+ 46. Rf3
Qxg6 47. Rf6 Qg4 48. Rd2 Qh4+ 49. Kf3 Qh5+ 50. Kf2 Rb8 51. Rd7 Qh4+ 52. Kf3 Qb4
53. Rdf7 Rg8 54. Rf4 Qb1 55. g4 Qd1+ 56. Kg3 h5 57. Rf8 Rxf8 58. Rxf8+ Kg7 59.
Rf3 h4+ 60. Kg2 Qxa4 61. Rf4 Qb3 62. Rf3 a4 63. Bc5 Qc2+ 64. Bf2 Qe4 65. Bxh4
a3 66. Bf6+ Kg6 67. Kg3 Qxf3+ 0-1

[Event "OBEM 2015"]
[Site "Germany , Bremen"]
[Date "2015.03.28"]
[Round "1.18"]
[White "Mulde, Ralf"]
[Black "Gerken, Juergen"]
[Result "1-0"]
[WhiteElo "2012"]
[BlackElo "1599"]
[PlyCount "117"]

1. e4 d5 2. d3 dxe4 3. Nc3 exd3 4. Bxd3 Nf6 5. Nf3 Bg4 6. h3 Bxf3 7. Qxf3 c6 8.
Bf4 Nbd7 9. O-O-O Qa5 10. g4 e6 11. Bd2 Qc7 12. g5 Ne5 13. Bf4 Nxf3 14. Bxc7
Nd7 15. h4 Bb4 16. Ne4 O-O 17. Be2 Nde5 18. Rh3 Rac8 19. Bd6 Bxd6 20. Nxd6 Rc7
21. Bxf3 Rd7 22. Ne4 Rfd8 23. Rxd7 Rxd7 24. Be2 Rd4 25. Nd2 Ng6 26. Nf3 Ra4 27.
Bd3 Nf4 28. Rh1 Nxd3+ 29. cxd3 Rxa2 30. Kc2 Ra4 31. d4 Ra5 32. Ne5 c5 33. Nc4
Ra4 34. Kb3 b5 {(=)} 35. Na3 Rxd4 36. Rc1 Rb4+ 37. Ka2 c4 38. Rd1 g6 39. Rd6
Ra4 40. Rc6 Ra5 41. Kb1 Kg7 42. Kc2 h6 43. Rc5 hxg5 44. hxg5 a6 45. Nxc4 Ra4
46. Ne5 Rf4 47. Nd3 Rf3 48. b4 f6 49. gxf6+ Kxf6 50. Rc6 g5 51. Rxa6 g4 52. Rb6
g3 53. fxg3 Rxg3 54. Nf4 Kf5 55. Nxe6 Rg2+ 56. Kc3 Rg3+ 57. Kd4 Rg6 58. Kc5
Rxe6 59. Rxe6 1-0